| 000 | 07041nas1a22005891i 4500 | ||
|---|---|---|---|
| 001 | RU\NLR\INFOCOMM16\1000096364 | ||
| 005 | 20240726040014.0 | ||
| 035 | _a(NLR Aleph) 002590733 | ||
| 090 |
_a3358963 _c3358963 |
||
| 100 | _a20040527b19661970|||y0rusy50 ca | ||
| 101 | 0 | _arus | |
| 102 | _aRU | ||
| 110 | _azyu||||0|y0 | ||
| 200 | 1 |
_aОбзор работы зарубежных железных дорог _iСерия Технико-экономический обзор показателей работы и технической оснащенности зарубежных железных дорог _fМПС СССР. Центр. ин-т науч.-техн. информации и пропаганды ж.-д. транспорта |
|
| 207 | 1 | _aВып.1-27 | |
| 210 |
_aМ. _d1966-1970 |
||
| 309 | _aОтпеч. множит. аппаратом | ||
| 440 | 0 |
_12001#$aОбзор работы зарубежных железных дорог$iСерия: Технико-экономический обзор работы и технической оснащенности зарубежных железных дорог _tОбзор работы зарубежных железных дорог |
|
| 801 | 1 |
_aRU _bInfoComm _c20040527 |
|
| 801 | 0 |
_aRU _bNLR _gPSBO |
|
| 852 |
_aNLR _jП10/3263 |
||
| 942 | _cSE | ||
| 980 | _aRUSPER | ||